[Event "Trieste op 24th"]
[Site "Trieste"]
[Date "2022.09.04"]
[Round "2"]
[White "Lalith, Babu MR"]
[Black "Breivik, Lars H"]
[Result "1-0"]
[WhiteElo "2552"]
[BlackElo "2150"]
[PlyCount "75"]
[EventDate "2022.09.03"]
[EventType "swiss"]
[EventRounds "9"]
[EventCountry "ITA"]
[SourceTitle "CBM 210 Extra"]
[Source "ChessBase"]
[SourceDate "2022.11.30"]
[SourceVersion "1"]
[SourceVersionDate "2022.11.30"]
[SourceQuality "1"]

1. d4 g6 2. c4 Bg7 3. Nf3 d6 4. Nc3 Nc6 5. d5 Ne5 6. Nxe5 Bxe5 7. g3 c5 8. Bg2 Nf6 9. Qc2 Nd7 10. Bh6 Qa5 11. Bd2 0-0 12. h4 Bg7 13. h5 Ne5 14. b3 Bf5 15. Qc1 Rfe8 16. Nd1 Qc7 17. Bc3 e6 18. Ne3 exd5 19. Bxd5 Bd7 20. Kf1 Be6 21. f4 Nc6 22. Bxg7 Kxg7 23. Qc3+ f6 24. hxg6 hxg6 25. Bxe6 Rxe6 26. Nd5 Qf7 27. g4 Rh8 28. Kf2 Nb4 29. Rxh8 Kxh8 30. Rh1+ Kg8 31. Qh3 Qg7 32. g5 f5 33. Nf6+ Kf7 34. Qf3 Rxf6 35. gxf6 Kxf6 36. Qc3+ Kf7 37. Qxg7+ Kxg7 38. Rd1 1-0

[Event "NOR-chT Clubs"]
[Site "Drammen"]
[Date "2022.05.26"]
[Round "2"]
[White "Romanov, Evgeny"]
[Black "Breivik, Lars H"]
[Result "1-0"]
[WhiteElo "2573"]
[BlackElo "2150"]
[PlyCount "73"]
[EventDate "2022.05.26"]
[EventType "team-swiss"]
[EventRounds "6"]
[EventCountry "NOR"]
[SourceTitle "EXT 2024"]
[Source "ChessBase"]
[SourceDate "2023.10.10"]
[SourceVersion "1"]
[SourceVersionDate "2023.10.10"]
[SourceQuality "1"]
[WhiteTeam "Valerenga"]
[BlackTeam "Drammen"]
[WhiteTeamCountry "NOR"]
[BlackTeamCountry "NOR"]

1. d4 g6 2. e4 Bg7 3. c3 Nf6 4. Bd3 d6 5. Ne2 c5 6. 0-0 Nc6 7. d5 Ne5 8. Bc2 0-0 9. f4 Nc4 10. a4 e6 11. dxe6 fxe6 12. Qd3 d5 13. e5 Nd7 14. Qh3 Rf7 15. b3 Na5 16. Nd2 Qb6 17. Kh1 Nf8 18. Ba3 Qc7 19. b4 cxb4 20. Bxb4 b6 21. Nd4 Nb7 22. N2f3 Nc5 23. Ng5 Re7 24. a5 Rb8 25. axb6 axb6 26. Qg4 Bd7 27. h4 h6 28. Ngf3 Be8 29. h5 gxh5 30. Qg3 Kh8 31. f5 exf5 32. Nxf5 Bxe5 33. Nxe5 Qxe5 34. Nxe7 Qxg3 35. Rxf8+ Kg7 36. Rg8+ Kf7 37. Rxg3 1-0

[Event "Prague Summer op-A 6th"]
[Site "Prague"]
[Date "2019.08.05"]
[Round "5"]
[White "Ahn, Hongjin"]
[Black "Breivik, Lars H"]
[Result "1-0"]
[WhiteElo "2238"]
[BlackElo "2158"]
[PlyCount "51"]
[EventDate "2019.08.02"]
[EventType "swiss"]
[EventRounds "9"]
[EventCountry "CZE"]
[SourceTitle "CBM 191 Extra"]
[Source "ChessBase"]
[SourceDate "2019.09.30"]
[SourceVersion "1"]
[SourceVersionDate "2019.09.30"]
[SourceQuality "1"]

1. c4 g6 2. e4 Bg7 3. d4 Nc6 4. Nf3 d6 5. Nc3 Bg4 6. d5 Nd4 7. Be3 c5 8. Be2 Bxf3 9. Bxf3 Nxf3+ 10. Qxf3 Nf6 11. 0-0 0-0 12. Qe2 a6 13. f4 b5 14. e5 Nd7 15. cxb5 axb5 16. Qxb5 dxe5 17. f5 Rb8 18. Qe2 c4 19. Rad1 Qa5 20. d6 exd6 21. Rxd6 Nb6 22. f6 Bh6 23. Kh1 Bxe3 24. Qxe3 Kh8 25. Qh6 Rg8 26. Ne4 1-0

[Event "NOR-chT Club"]
[Site "Drammen"]
[Date "2019.06.01"]
[Round "3.3"]
[White "Breivik, Lars H"]
[Black "Nilsen, Joachim Birger"]
[Result "1/2-1/2"]
[WhiteElo "2165"]
[BlackElo "2401"]
[PlyCount "51"]
[EventDate "2019.05.30"]
[EventType "team-swiss"]
[EventRounds "6"]
[EventCountry "NOR"]
[SourceTitle "CBM 190 Extra"]
[Source "ChessBase"]
[SourceDate "2019.07.15"]
[SourceVersion "1"]
[SourceVersionDate "2019.07.15"]
[SourceQuality "1"]
[WhiteTeam "Drammen Tigers"]
[BlackTeam "Bergens"]
[WhiteTeamCountry "NOR"]
[BlackTeamCountry "NOR"]

1. c4 b6 2. g3 Bb7 3. Nf3 Bxf3 4. exf3 c5 5. d4 Nc6 6. d5 Nd4 7. Be3 Nf5 8. Nc3 g6 9. Bh3 Nd6 10. Qe2 Bg7 11. Ne4 Nc8 12. 0-0 f5 13. Nc3 Nf6 14. Bf4 0-0 15. Rfe1 Nh5 16. Be5 Bf6 17. a4 Nd6 18. Bf1 a5 19. f4 Ng7 20. Bxd6 exd6 21. Nb5 Re8 22. Qd2 Rxe1 23. Rxe1 Qf8 24. Bd3 Re8 25. Re3 Re7 26. Bb1 1/2-1/2

[Event "SRB Central-ch op-A 8th"]
[Site "Paracin"]
[Date "2015.07.06"]
[Round "4"]
[White "Breivik, Lars H"]
[Black "Aleksic, Neven"]
[Result "1-0"]
[WhiteElo "2247"]
[BlackElo "2068"]
[PlyCount "79"]
[EventDate "2015.07.03"]
[EventType "swiss"]
[EventRounds "9"]
[EventCountry "SRB"]
[SourceTitle "CBM 167 Extra"]
[Source "ChessBase"]
[SourceDate "2015.09.14"]
[SourceVersion "1"]
[SourceVersionDate "2015.09.14"]
[SourceQuality "1"]

1. d4 Nf6 2. Nf3 e6 3. e3 c5 4. Bd3 d5 5. 0-0 Bd6 6. b3 0-0 7. Bb2 Nc6 8. a3 Qe7 9. Nbd2 e5 10. dxc5 Bxc5 11. b4 Bd6 12. c4 e4 13. Bxf6 Qxf6 14. Bxe4 dxe4 15. Nxe4 Bxh2+ 16. Nxh2 Qg6 17. Ng3 Be6 18. c5 Bc4 19. Re1 a5 20. Qc1 Be6 21. Qc3 h5 22. Ne2 h4 23. Nf4 Qg5 24. Nf3 Qg4 25. b5 Ne7 26. Nxe6 fxe6 27. Qd4 Qg6 28. Nxh4 Qh5 29. Qe4 Rf6 30. Qxb7 Raf8 31. Qxe7 Qxh4 32. f3 Qg3 33. Qd6 e5 34. Qd5+ Kh8 35. Rf1 Rh6 36. Ra2 Rh2 37. Rd1 Qh4 38. Kf1 e4 39. Rf2 Rxf3 40. Qd8+ 1-0

[Event "NOR-ch Master"]
[Site "Trondheim"]
[Date "2014.07.17"]
[Round "7"]
[White "Martinsen, Stig K"]
[Black "Breivik, Lars H"]
[Result "1/2-1/2"]
[WhiteElo "2079"]
[BlackElo "2220"]
[PlyCount "101"]
[EventDate "2014.07.12"]
[EventType "swiss"]
[EventRounds "9"]
[EventCountry "NOR"]
[SourceTitle "EXT 2019"]
[Source "ChessBase"]
[SourceDate "2018.10.10"]
[SourceVersion "1"]
[SourceVersionDate "2018.10.10"]
[SourceQuality "1"]

1. c4 b6 2. d4 e6 3. a3 Bb7 4. Nc3 Nf6 5. d5 Be7 6. e4 d6 7. Nge2 0-0 8. g3 exd5 9. cxd5 c6 10. dxc6 Nxc6 11. Bg2 Re8 12. 0-0 Qd7 13. Nd4 Ne5 14. f4 Nc4 15. Qd3 Rac8 16. Rd1 Bf8 17. b3 Na5 18. Bb2 a6 19. Re1 Nc6 20. Na4 Qd8 21. Nxc6 Bxc6 22. Bxf6 Qxf6 23. Nxb6 Bb5 24. Qd2 Qc3 25. Qxc3 Rxc3 26. b4 Rb3 27. Reb1 Rxb1+ 28. Rxb1 Bd3 29. Rc1 Rb8 30. Nd7 Re8 31. Nxf8 Kxf8 32. Rd1 Bxe4 33. Rxd6 a5 34. Bf1 axb4 35. axb4 Rb8 36. b5 Ke7 37. Ra6 Bf5 38. Ra2 Kd6 39. Kf2 Bd7 40. Rd2+ Kc7 41. Rd5 Be6 42. Rc5+ Kb7 43. f5 Bd7 44. Re5 Kc7 45. Re7 Rf8 46. Bc4 Kd6 47. Rxf7 Rxf7 48. Bxf7 Bxb5 49. Ke3 Ke5 50. Be6 h5 51. h4 1/2-1/2

[Event "NOR-ch Master"]
[Site "Trondheim"]
[Date "2014.07.15"]
[Round "5"]
[White "Breivik, Lars H"]
[Black "Royset, Pal"]
[Result "1/2-1/2"]
[WhiteElo "2220"]
[BlackElo "2208"]
[PlyCount "52"]
[EventDate "2014.07.12"]
[EventType "swiss"]
[EventRounds "9"]
[EventCountry "NOR"]
[SourceTitle "EXT 2019"]
[Source "ChessBase"]
[SourceDate "2018.10.10"]
[SourceVersion "1"]
[SourceVersionDate "2018.10.10"]
[SourceQuality "1"]

1. d4 Nc6 2. c4 e5 3. d5 Nce7 4. Nf3 Ng6 5. h4 h5 6. Qc2 Nf6 7. Nc3 Bb4 8. a3 Bxc3+ 9. Qxc3 d6 10. Qc2 a5 11. Bg5 b6 12. e4 Nf8 13. b3 N8h7 14. Bd2 g6 15. Ng5 0-0 16. f3 Kg7 17. Be2 Nd7 18. g4 hxg4 19. fxg4 Nc5 20. Nxh7 Kxh7 21. Bg5 f6 22. Be3 Kg7 23. 0-0-0 Bd7 24. Rdg1 Qe7 25. Kb2 Rfb8 26. a4 Rh8 1/2-1/2

[Event "NOR-chT"]
[Site "Fagernes"]
[Date "2013.09.28"]
[Round "4.6"]
[White "Breivik, Lars H"]
[Black "Rishovd, Svein"]
[Result "1-0"]
[WhiteElo "2212"]
[BlackElo "2029"]
[PlyCount "185"]
[EventDate "2013.09.27"]
[EventType "team-swiss"]
[EventRounds "6"]
[EventCountry "NOR"]
[SourceTitle "CBM 156 Extra"]
[Source "ChessBase"]
[SourceDate "2013.10.22"]
[SourceVersion "1"]
[SourceVersionDate "2013.10.22"]
[SourceQuality "1"]
[WhiteTeam "Drammen"]
[BlackTeam "Moss"]
[WhiteTeamCountry "NOR"]
[BlackTeamCountry "NOR"]

1. d4 g6 2. Nf3 Bg7 3. c4 d6 4. Nc3 Nc6 5. e3 Nf6 6. Be2 0-0 7. a3 e5 8. dxe5 dxe5 9. Qc2 Bf5 10. e4 Bg4 11. 0-0 Bxf3 12. Bxf3 Nd4 13. Qd1 c6 14. Be3 Re8 15. Re1 Qc7 16. g3 Rad8 17. Bg2 h5 18. Qa4 Nd7 19. Bxd4 exd4 20. Nb1 Nc5 21. Qd1 b5 22. b4 Na4 23. Qb3 Qd7 24. Ra2 d3 25. cxb5 cxb5 26. Rd2 Qd4 27. Re3 Nb2 28. Bf1 Bh6 29. Rf3 Nc4 30. Rdxd3 Qxe4 31. Nc3 Qe6 32. Rxd8 Rxd8 33. Rd3 Rxd3 34. Bxd3 Qe1+ 35. Kg2 Ne5 36. Ne4 Bg7 37. Qc2 Nxd3 38. Qxd3 a6 39. Qd8+ Bf8 40. Qd4 Bg7 41. Qd8+ Bf8 42. Qe8 Qa1 43. Ng5 Qf6 44. h4 Kg7 45. Qa8 Be7 46. Qb7 Qd6 47. Ne4 Qe5 48. Qc6 Qe6 49. Qa8 Qb6 50. Kf3 Bf6 51. Nc5 Bb2 52. Qxa6 Qb8 53. Nd3 Bf6 54. Qc6 Qd8 55. Qxb5 Qa8+ 56. Ke3 Qxa3 57. Qd5 Qa7+ 58. Kf3 Qa1 59. Kg2 Bd4 60. Qb7 Qc3 61. Nf4 Qe1 62. Nd3 Qc3 63. Qf3 Qc4 64. Qe4 f5 65. Qb7+ Qf7 66. Qxf7+ Kxf7 67. f4 Ke6 68. Kf3 Kd5 69. Ne5 Bc3 70. b5 Kc5 71. Nxg6 Bf6 72. Ke3 Kxb5 73. Ne5 Kb4 74. Kd4 Kb5 75. Kd5 Kb4 76. Ke6 Bd8 77. Kxf5 Kc3 78. Kg6 Kd2 79. Kxh5 Ke3 80. Kg4 Ke4 81. h5 Bf6 82. Nf3 Kd5 83. Kf5 Bh8 84. g4 Kd6 85. Kg6 Ke7 86. Ne5 Ke6 87. Nf7 Bf6 88. g5 Bc3 89. f5+ Kd5 90. f6 Ke4 91. h6 Kf4 92. h7 Kg4 93. h8Q 1-0

[Event "NOR-chT Clubs"]
[Site "Drammen"]
[Date "2010.10.10"]
[Round "6"]
[White "Kjoita, Henning Jakhelln"]
[Black "Breivik, Lars H"]
[Result "0-1"]
[WhiteElo "1849"]
[BlackElo "2176"]
[PlyCount "126"]
[EventDate "2010.10.08"]
[EventType "team"]
[EventRounds "6"]
[EventCountry "NOR"]
[SourceTitle "EXT 2015"]
[Source "ChessBase"]
[SourceDate "2014.11.20"]
[SourceVersion "1"]
[SourceVersionDate "2014.11.20"]
[SourceQuality "1"]
[WhiteTeam "Oslo SK 1911 II"]
[BlackTeam "Drammen Tigers"]
[WhiteTeamCountry "NOR"]
[BlackTeamCountry "NOR"]

1. e4 c5 2. Nf3 e6 3. d4 cxd4 4. Nxd4 Nc6 5. Nc3 Qc7 6. Be3 a6 7. Be2 Nf6 8. 0-0 b5 9. Bf3 Ne5 10. Bf4 Bb7 11. a3 d6 12. Bxe5 dxe5 13. Nb3 Be7 14. Qe2 0-0 15. Rfd1 Rfc8 16. Rac1 Bxa3 17. Nxb5 axb5 18. bxa3 Qc6 19. Qd2 Nxe4 20. Bxe4 Qxe4 21. f3 Qc6 22. Kh1 h6 23. Na5 Qc7 24. Nxb7 Qxb7 25. Qe2 Rc5 26. Qe3 Qc7 27. Rb1 Rc3 28. Qe4 Ra4 29. Qe2 Rxc2 30. Qxb5 Rxa3 31. h3 Ra8 32. Re1 Rc5 33. Qd3 Rd8 34. Qb3 Rd2 35. Rbd1 Rxd1 36. Qxd1 Rc2 37. Qa1 f6 38. Qa8+ Kf7 39. Qa3 Qc5 40. Qd3 Rc1 41. Qd7+ Kg6 42. Qd3+ f5 43. Qd2 Rxe1+ 44. Qxe1 Qd4 45. Qc1 e4 46. Qc8 Qd1+ 47. Kh2 Qd6+ 48. Kh1 exf3 49. gxf3 e5 50. Qe8+ Kf6 51. Kg2 Qd2+ 52. Kf1 Qd3+ 53. Kf2 Qd4+ 54. Kf1 e4 55. Qc6+ Kf7 56. fxe4 Qxe4 57. Qd7+ Kg6 58. Kf2 Qe5 59. h4 Qh2+ 60. Kf3 Qh3+ 61. Ke2 Qxh4 62. Qc6+ Kh7 63. Qe6 Qe4+ 0-1

[Event "NOR-chT Clubs"]
[Site "Drammen"]
[Date "2010.10.09"]
[Round "2.22"]
[White "Breivik, Lars H"]
[Black "Ekeberg, Carl Fredrik"]
[Result "1/2-1/2"]
[WhiteElo "2176"]
[BlackElo "2252"]
[PlyCount "98"]
[EventDate "2010.10.08"]
[EventType "team"]
[EventRounds "6"]
[EventCountry "NOR"]
[SourceTitle "EXT 2015"]
[Source "ChessBase"]
[SourceDate "2014.11.20"]
[SourceVersion "1"]
[SourceVersionDate "2014.11.20"]
[SourceQuality "1"]
[WhiteTeam "Drammen Tigers"]
[BlackTeam "Asker"]
[WhiteTeamCountry "NOR"]
[BlackTeamCountry "NOR"]

1. d4 Nf6 2. Nf3 g6 3. Nc3 d5 4. Bf4 Bg7 5. e3 0-0 6. Be2 Bg4 7. Ne5 Bxe2 8. Qxe2 c6 9. h4 Nfd7 10. h5 Nxe5 11. dxe5 Qc8 12. hxg6 hxg6 13. 0-0-0 Qe6 14. Bh6 Nd7 15. f4 Bxh6 16. Rxh6 Kg7 17. Rhh1 f6 18. e4 Nb6 19. exd5 Nxd5 20. exf6+ Qxf6 21. Nxd5 cxd5 22. Rxd5 Qxf4+ 23. Kb1 Rf7 24. Rd7 Raf8 25. Rxe7 Rxe7 26. Qxe7+ Rf7 27. Qe1 Qf2 28. Qe5+ Qf6 29. Qe1 Qf2 30. Qc3+ Qf6 31. Qd3 Qf2 32. Rd1 Qxg2 33. Qd4+ Kg8 34. Qxa7 Rf1 35. Qd4 Rxd1+ 36. Qxd1 g5 37. a4 g4 38. Qd8+ Kf7 39. Qd7+ Kf6 40. Qd6+ Kf5 41. Qd7+ Kf4 42. Qc7+ Ke3 43. Qc5+ Ke2 44. Qe5+ Kf1 45. Qb5+ Kg1 46. Qb6+ Kh1 47. Qh6+ Kg1 48. Qb6+ Kf1 49. Qb5+ Kg1 1/2-1/2

[Event "NOR-ch Elite"]
[Site "Tonsberg"]
[Date "2008.07.07"]
[Round "3"]
[White "Breivik, Lars H"]
[Black "Urkedal, Frode Olav Olsen"]
[Result "1/2-1/2"]
[WhiteElo "2265"]
[BlackElo "2254"]
[PlyCount "95"]
[EventDate "2008.07.05"]
[EventType "swiss"]
[EventRounds "9"]
[EventCountry "NOR"]
[SourceTitle "CBM 125 Extra"]
[Source "ChessBase"]
[SourceDate "2008.09.01"]
[SourceVersion "1"]
[SourceVersionDate "2008.09.01"]
[SourceQuality "1"]

1. e4 c5 2. Nf3 d6 3. Bb5+ Bd7 4. Bxd7+ Qxd7 5. 0-0 Nc6 6. c3 Nf6 7. d4 cxd4 8. cxd4 d5 9. e5 Ne4 10. Ne1 h6 11. Be3 e6 12. f3 Ng5 13. Nc3 Be7 14. Nd3 Rc8 15. f4 Ne4 16. Nxe4 dxe4 17. Nf2 Nb4 18. Qb3 Qd5 19. Rac1 0-0 20. Qxd5 Nxd5 21. Rxc8 Rxc8 22. Rc1 Rd8 23. Re1 Bb4 24. Re2 Nxe3 25. Rxe3 Rxd4 26. Nxe4 Ba5 27. Kf1 Rd1+ 28. Ke2 Rg1 29. Kf3 Rf1+ 30. Nf2 Bb6 31. Re2 g5 32. g3 Kg7 33. Kg2 Ra1 34. b3 gxf4 35. gxf4 Kg6 36. Ne4 Kf5 37. Kf3 Rf1+ 38. Kg3 Bc7 39. Nf2 Rc1 40. Ne4 Rg1+ 41. Kf3 Rf1+ 42. Rf2 Rg1 43. Rc2 Bb6 44. Nd6+ Kg6 45. Rg2+ Rxg2 46. Kxg2 Be3 47. Kf3 Bg1 48. Kg2 1/2-1/2

[Event "NOR-ch Elite"]
[Site "Tonsberg"]
[Date "2008.07.05"]
[Round "1"]
[White "Breivik, Lars H"]
[Black "Thomassen, Joachim"]
[Result "1-0"]
[WhiteElo "2265"]
[BlackElo "2350"]
[PlyCount "63"]
[EventDate "2008.07.05"]
[EventType "swiss"]
[EventRounds "9"]
[EventCountry "NOR"]
[SourceTitle "CBM 125 Extra"]
[Source "ChessBase"]
[SourceDate "2008.09.01"]
[SourceVersion "1"]
[SourceVersionDate "2008.09.01"]
[SourceQuality "1"]

1. d4 d5 2. c4 c6 3. Nf3 Nf6 4. Nc3 e6 5. Bg5 dxc4 6. e4 b5 7. e5 h6 8. Bh4 g5 9. exf6 gxh4 10. Ne5 Qxf6 11. g3 Bb7 12. Bg2 Nd7 13. Qe2 a6 14. Nxc6 Rc8 15. d5 Bxc6 16. dxc6 Ne5 17. 0-0 Bg7 18. a4 b4 19. Ne4 Qe7 20. f4 Nd3 21. f5 Bxb2 22. fxe6 f5 23. Qh5+ Kd8 24. Qxf5 Rxc6 25. Qd5+ Kc7 26. Rf7 Qxf7 27. exf7 Bxa1 28. Nd2 Rc5 29. Qb7+ Kd8 30. Bh3 Bd4+ 31. Kf1 Ne5 32. Nf3 1-0

[Event "NOR-ch Master"]
[Site "Hamar"]
[Date "2007.07.14"]
[Round "9"]
[White "Moen, Andreas"]
[Black "Breivik, Lars H"]
[Result "1/2-1/2"]
[WhiteElo "2299"]
[BlackElo "2230"]
[PlyCount "65"]
[EventDate "2007.07.07"]
[EventType "swiss"]
[EventRounds "9"]
[EventCountry "NOR"]
[SourceTitle "EXT 2024"]
[Source "ChessBase"]
[SourceDate "2023.10.10"]
[SourceVersion "1"]
[SourceVersionDate "2023.10.10"]
[SourceQuality "1"]

1. c4 Nf6 2. Nc3 e6 3. e4 c5 4. e5 Ng8 5. Nf3 d6 6. exd6 Bxd6 7. d4 cxd4 8. Nxd4 Be5 9. Ndb5 Qxd1+ 10. Kxd1 Nc6 11. f4 Bb8 12. Ne4 Nf6 13. Nxf6+ gxf6 14. Be3 a6 15. Nc3 Ba7 16. c5 Ke7 17. Kc2 Rd8 18. Rd1 e5 19. Rxd8 Kxd8 20. Nd5 Be6 21. Bc4 Bxd5 22. Bxd5 Nb4+ 23. Kb3 Nxd5 24. Rd1 Kc7 25. Rxd5 Re8 26. Kc4 Re6 27. Rd6 exf4 28. Bxf4 Kc8 29. Rd4 Re2 30. Rd2 Re4+ 31. Rd4 Re2 32. Rd2 Re4+ 33. Rd4 1/2-1/2

[Event "NOR-ch Master"]
[Site "Hamar"]
[Date "2007.07.13"]
[Round "8"]
[White "Breivik, Lars H"]
[Black "Stanford, Sheila Barth"]
[Result "1-0"]
[WhiteElo "2230"]
[BlackElo "2183"]
[PlyCount "175"]
[EventDate "2007.07.07"]
[EventType "swiss"]
[EventRounds "9"]
[EventCountry "NOR"]
[SourceTitle "EXT 2024"]
[Source "ChessBase"]
[SourceDate "2023.10.10"]
[SourceVersion "1"]
[SourceVersionDate "2023.10.10"]
[SourceQuality "1"]

1. d4 d5 2. Nf3 Nf6 3. e3 c6 4. c4 Bg4 5. cxd5 Nxd5 6. Nc3 e6 7. Be2 Nd7 8. 0-0 Be7 9. e4 N5b6 10. Bf4 0-0 11. Qc2 Nf6 12. Rfd1 Rc8 13. Rac1 Bh5 14. a3 a5 15. Bg3 Bg6 16. Ne5 Nh5 17. Nxg6 hxg6 18. Be5 Nd7 19. Bxh5 gxh5 20. Bf4 Bg5 21. Qd2 Bxf4 22. Qxf4 Qf6 23. Qxf6 Nxf6 24. f3 g6 25. Na4 Rfd8 26. Nb6 Rc7 27. Nc4 Ra8 28. Kf2 a4 29. Ke2 Ra6 30. Ne5 Rb6 31. Rc2 Re7 32. h3 Nd7 33. Nc4 Rb3 34. Nd2 Rb5 35. Nb1 Nb6 36. Rdd2 Kg7 37. Rc5 Rxc5 38. dxc5 Nd7 39. Rc2 f5 40. Rc4 fxe4 41. fxe4 Kf6 42. Nc3 Ke5 43. Nxa4 Kf4 44. Kf2 h4 45. Nc3 Rf7 46. b4 Ke5+ 47. Ke2 Nf6 48. Ke3 Nh5 49. Nd1 Ng3 50. Nf2 Nf1+ 51. Ke2 Ng3+ 52. Ke1 Kf4 53. Rd4 Kg5 54. a4 Rf8 55. Rd7 Ra8 56. a5 Rb8 57. Rf7 Nh5 58. e5 Ng3 59. Kd2 Nf5 60. Nd3 Nd4 61. Nf4 Rd8 62. Kc3 Nb5+ 63. Kc2 Kh6 64. Nxe6 Re8 65. Nc7 Nxc7 66. Rxc7 Rxe5 67. Rxb7 Re2+ 68. Kb1 Rxg2 69. b5 Rg1+ 70. Kb2 Rg2+ 71. Kb3 Rg3+ 72. Kb4 Rxh3 73. a6 Rh1 74. a7 Rb1+ 75. Kc3 Ra1 76. bxc6 h3 77. c7 Rc1+ 78. Kb2 Rb1+ 79. Kxb1 h2 80. c8Q h1Q+ 81. Kb2 Qh2+ 82. Kb3 Qg3+ 83. Ka4 Qe5 84. Qh3+ Kg5 85. a8Q Qd4+ 86. Rb4 Qa1+ 87. Qa3 Qd1+ 88. Ka5 1-0

[Event "Amsterdam ACT op 3rd"]
[Site "Amsterdam"]
[Date "2006.07.19"]
[Round "5"]
[White "Slingerland, Fred"]
[Black "Breivik, Lars H"]
[Result "1-0"]
[WhiteElo "2338"]
[BlackElo "2226"]
[PlyCount "137"]
[EventDate "2006.07.15"]
[EventType "swiss"]
[EventRounds "9"]
[EventCountry "NED"]
[SourceTitle "CBM 113 Extra"]
[Source "ChessBase"]
[SourceDate "2006.09.14"]
[SourceVersion "1"]
[SourceVersionDate "2006.09.14"]
[SourceQuality "1"]

1. e4 c5 2. Nf3 Nc6 3. d4 cxd4 4. Nxd4 Nf6 5. Nc3 e5 6. Ndb5 d6 7. Bg5 a6 8. Na3 b5 9. Bxf6 gxf6 10. Nd5 f5 11. Bd3 Be6 12. c3 Bg7 13. Qh5 0-0 14. exf5 Bxd5 15. f6 e4 16. fxg7 Re8 17. Be2 Re5 18. Qh6 b4 19. Nc2 bxc3 20. bxc3 Rg5 21. 0-0 Ne5 22. Rfd1 Rg6 23. Qf4 Bb7 24. Ne3 Rxg7 25. Nf5 Qg5 26. Qxg5 Rxg5 27. Nxd6 Bc6 28. h4 Rg6 29. Nf5 Re8 30. Bxa6 Bd7 31. Rxd7 Rxa6 32. Rd4 Rg6 33. Kf1 Nc6 34. Rd6 Re5 35. Rxg6+ hxg6 36. Nd4 Na5 37. Nb3 Nc4 38. a4 e3 39. fxe3 Rxe3 40. Rc1 Re5 41. Re1 Rf5+ 42. Kg1 Rd5 43. Re4 Nb2 44. a5 Rd6 45. Rd4 Rc6 46. Rd2 Na4 47. Ra2 Nxc3 48. Rc2 Kg7 49. a6 Rxa6 50. Rxc3 Ra4 51. g3 f5 52. Rf3 g5 53. hxg5 Kg6 54. Nc5 Ra1+ 55. Kg2 Re1 56. Nb3 Rd1 57. Rf4 Rd5 58. Nd4 Kxg5 59. Kh3 Ra5 60. Rxf5+ Rxf5 61. Nxf5 Kxf5 62. Kh4 Kg6 63. Kg4 Kh6 64. Kf5 Kh7 65. Kf6 Kh6 66. g4 Kh7 67. g5 Kg8 68. Kg6 Kh8 69. Kf7 1-0

[Event "Amsterdam ACT op 3rd"]
[Site "Amsterdam"]
[Date "2006.07.15"]
[Round "1"]
[White "Van Delft, Merijn"]
[Black "Breivik, Lars H"]
[Result "1-0"]
[WhiteElo "2382"]
[BlackElo "2226"]
[PlyCount "77"]
[EventDate "2006.07.15"]
[EventType "swiss"]
[EventRounds "9"]
[EventCountry "NED"]
[SourceTitle "CBM 113 Extra"]
[Source "ChessBase"]
[SourceDate "2006.09.14"]
[SourceVersion "1"]
[SourceVersionDate "2006.09.14"]
[SourceQuality "1"]

1. e4 c5 2. Nf3 Nc6 3. d4 cxd4 4. Nxd4 Nf6 5. Nc3 e5 6. Ndb5 d6 7. Bg5 a6 8. Na3 b5 9. Nd5 Be7 10. Bxf6 Bxf6 11. c3 0-0 12. Nc2 Be6 13. a4 bxa4 14. Rxa4 a5 15. Bc4 Rb8 16. b3 Bg5 17. 0-0 Kh8 18. Ra1 Qd7 19. Qe2 f5 20. exf5 Rxf5 21. Qe4 Bd8 22. Nce3 Rf8 23. f4 Bf6 24. f5 Bg8 25. Kh1 Bg5 26. Rad1 Bxe3 27. Nxe3 Ne7 28. Qxe5 dxe5 29. Rxd7 Bxc4 30. Nxc4 Nxf5 31. Kg1 Rxb3 32. g4 Rxc3 33. Rxf5 Rc1+ 34. Kf2 Rxf5+ 35. gxf5 h6 36. Nxe5 Rc5 37. Ng6+ Kh7 38. Rf7 a4 39. Rf8 1-0

[Event "Amsterdam ACT op 2nd"]
[Site "Amsterdam"]
[Date "2005.07.20"]
[Round "5"]
[White "Doggers, Peter"]
[Black "Breivik, Lars H"]
[Result "0-1"]
[WhiteElo "2249"]
[BlackElo "2217"]
[PlyCount "60"]
[EventDate "2005.07.16"]
[EventType "swiss"]
[EventRounds "9"]
[EventCountry "NED"]
[SourceTitle "CBM 107 Extra"]
[Source "ChessBase"]
[SourceDate "2005.09.01"]
[SourceVersion "1"]
[SourceVersionDate "2005.09.01"]
[SourceQuality "1"]

1. e4 c5 2. Nf3 Nc6 3. d4 cxd4 4. Nxd4 Qc7 5. Nc3 e6 6. Be3 a6 7. Bd3 b5 8. Nxc6 dxc6 9. a4 b4 10. Nb1 a5 11. Nd2 Nf6 12. 0-0 e5 13. Nc4 Be6 14. f3 Nd7 15. f4 f6 16. Kh1 g6 17. fxe5 Nxe5 18. Bf4 Bxc4 19. Bxc4 Bd6 20. Bb3 h5 21. h3 Rd8 22. Qe1 Qe7 23. Rd1 g5 24. Bh2 Kf8 25. Rf5 Kg7 26. h4 gxh4 27. Qxh4 Ng4 28. Bxd6 Rxd6 29. Rdf1 Qxe4 30. Qg3 Qxf5 0-1

[Event "Amsterdam ACT op 2nd"]
[Site "Amsterdam"]
[Date "2005.07.17"]
[Round "2"]
[White "Breivik, Lars H"]
[Black "Williams, Simon Kim"]
[Result "0-1"]
[WhiteElo "2217"]
[BlackElo "2461"]
[PlyCount "50"]
[EventDate "2005.07.16"]
[EventType "swiss"]
[EventRounds "9"]
[EventCountry "NED"]
[SourceTitle "CBM 107 Extra"]
[Source "ChessBase"]
[SourceDate "2005.09.01"]
[SourceVersion "1"]
[SourceVersionDate "2005.09.01"]
[SourceQuality "1"]

1. d4 f5 2. Bg5 h6 3. Bh4 g5 4. Bg3 Bg7 5. e3 d6 6. Qh5+ Kf8 7. Nd2 Nf6 8. Qd1 Nc6 9. h4 e5 10. c3 f4 11. Bh2 Qe7 12. Qe2 Bg4 13. f3 Bh5 14. dxe5 dxe5 15. 0-0-0 Nd5 16. Nc4 Bf7 17. g3 b5 18. e4 Nxc3 19. bxc3 bxc4 20. Qc2 Rb8 21. Qa4 Qc5 22. Ne2 Qe3+ 23. Kc2 Nd4+ 24. cxd4 exd4 25. Qa3+ Qxa3 0-1

[Event "Amsterdam ACT op 2nd"]
[Site "Amsterdam"]
[Date "2005.07.16"]
[Round "1"]
[White "Afek, Yochanan"]
[Black "Breivik, Lars H"]
[Result "1/2-1/2"]
[WhiteElo "2389"]
[BlackElo "2217"]
[PlyCount "98"]
[EventDate "2005.07.16"]
[EventType "swiss"]
[EventRounds "9"]
[EventCountry "NED"]
[SourceTitle "CBM 107 Extra"]
[Source "ChessBase"]
[SourceDate "2005.09.01"]
[SourceVersion "1"]
[SourceVersionDate "2005.09.01"]
[SourceQuality "1"]

1. e4 c5 2. c3 Nf6 3. e5 Nd5 4. Nf3 Nc6 5. d4 cxd4 6. cxd4 d6 7. Bc4 Nb6 8. Bb5 dxe5 9. Nxe5 Bd7 10. Nxd7 Qxd7 11. 0-0 a6 12. Bxc6 Qxc6 13. Nc3 Rd8 14. Be3 e6 15. Qg4 h5 16. Qg5 Nd5 17. Rac1 Nf6 18. f3 h4 19. Ne4 Nxe4 20. Qxd8+ Kxd8 21. Rxc6 bxc6 22. fxe4 f6 23. Rc1 Kd7 24. Rc4 Rh5 25. Ra4 Rb5 26. b3 a5 27. Kf2 Bd6 28. h3 Bc7 29. Kf3 Bd8 30. Bf2 f5 31. Be1 fxe4+ 32. Kxe4 Rf5 33. b4 axb4 34. Ra7+ Bc7 35. Bxb4 Kc8 36. Ra8+ Kb7 37. Re8 Rf2 38. Re7 Kc8 39. a4 Rxg2 40. a5 Rb2 41. Bc5 Bxa5 42. Ke5 Bc7+ 43. Kxe6 Re2+ 44. Kf5 Rxe7 45. Bxe7 Bd8 46. Bf8 Bf6 47. Ke4 g6 48. d5 cxd5+ 49. Kxd5 Kd7 1/2-1/2